Basic Electronics: Soild State (Record no. 8074)
[ view plain ]
| 000 -LEADER | |
|---|---|
| fixed length control field | 00393 a2200145 4500 |
| 020 ## - INTERNATIONAL STANDARD BOOK NUMBER | |
| International Standard Book Number | 8121900948 |
| 040 ## - CATALOGING SOURCE | |
| Original cataloging agency | DLC |
| 082 ## - DEWEY DECIMAL CLASSIFICATION NUMBER | |
| Classification number | 621.381 |
| 100 ## - MAIN ENTRY--PERSONAL NAME | |
| Personal name | Theraja, B. L. |
| 245 ## - TITLE STATEMENT | |
| Title | Basic Electronics: Soild State |
| Statement of responsibility, etc. | B. L. Theraja |
| 260 ## - PUBLICATION, DISTRIBUTION, ETC. | |
| Place of publication, distribution, etc. | New Delhi : |
| Name of publisher, distributor, etc. | S Chand & Company Ltd., |
| Date of publication, distribution, etc. | 1998. |
| 300 ## - PHYSICAL DESCRIPTION | |
| Extent | xvii, 636 p. : |
| Other physical details | ill. ; |
| Dimensions | 24 cm. |
| 650 ## - SUBJECT ADDED ENTRY--TOPICAL TERM | |
| Topical term or geographic name entry element | Electronics |
| 942 ## - ADDED ENTRY ELEMENTS (KOHA) | |
| Koha item type | Book |
| Call number prefix | 621.381 THE |
| Source of classification or shelving scheme | |
| Withdrawn status | Lost status | Damaged status | Not for loan | Collection code | Permanent Location | Current Location | Shelving location | Date acquired | Source of acquisition | Cost, normal purchase price | Total Checkouts | Full call number | Barcode | Date last seen | Price effective from | Koha item type | Date last checked out |
|---|---|---|---|---|---|---|---|---|---|---|---|---|---|---|---|---|---|
| Central Library (CL) | Central Library (CL) | General Stacks | 04/08/2002 | Book Fair | 137.75 | 621.381 THE | SEECS002019 | 11/14/2012 | 01/05/2017 | Book | |||||||
| Central Library (CL) | Central Library (CL) | General Stacks | 04/13/2002 | Book Fair | 137.75 | 621.381 THE | SEECS002024 | 11/14/2012 | 01/05/2017 | Book | |||||||
| Central Library (CL) | Central Library (CL) | General Stacks | 04/08/2002 | Book Fair | 137.75 | 621.381 THE | SEECS002018 | 10/16/2014 | 01/05/2017 | Book | |||||||
| Central Library (CL) | Central Library (CL) | General Stacks | 04/13/2002 | Book Fair | 137.75 | 621.381 THE | SEECS002022 | 11/14/2012 | 01/05/2017 | Book | |||||||
| Central Library (CL) | Central Library (CL) | General Stacks | 04/13/2002 | Book Fair | 137.75 | 1 | 621.381 THE | SEECS002025 | 09/14/2014 | 01/05/2017 | Book | 04/19/2014 | |||||
| Central Library (CL) | Central Library (CL) | General Stacks | 04/08/2002 | Book Fair | 137.75 | 621.381 THE | SEECS002020 | 11/14/2012 | 01/05/2017 | Book |
